00657nam a22001457a 450000500170000000800400001705000240005710000510008124501330013225000120026526000630027730000280034065100650036865100780043320160224114305.0121003t mx||||| |||| 00| 0 spa d04aF1306 .87bM55 19661 aMillán Nava, Jesús,c[Gral.],d[1887-1969]13aLa Revolución Maderista en el Estado de Guerrero y la Revolución Constitucionalista en Michoacán /cJesús Millán Nava. a1a. ed. aMorelia, Michoacán de Ocampo, México :b[s. n.],c1966 a249 p. :bil. ;c22 cm. 72LEMBaGuerrero zMéxicoxHistoriaxRevolución, 1910-1917 72LEMBaMichoacán de Ocampo zMéxicoxHistoriaxRevolución, 1910-1917